<L'> évaluation des fournisseurs dans le processus d'achat diplomová práca

Enregistré dans:
Détails bibliographiques
Auteur principal: Peterková, Michaela
Collectivité auteur: Ekonomická univerzita v Bratislave. Ústav medzinárodných programov
Autres auteurs: Kita, Jaroslav, Ageron, Blandine
Format: Livre
Langue:français
Publié: Bratislava 2010
Tags: Ajouter un tag
Pas de tags, Soyez le premier à ajouter un tag!

MARC

LEADER 00000nam a2200000 4500
001 0119227
005 20240318114920.6
041 0 |a fre 
044 |a SK 
245 1 0 |a <L'> évaluation des fournisseurs dans le processus d'achat  |b diplomová práca  |c Michaela Peterková ; škol. Jaroslav Kita, Blandine Ageron 
264 1 |a Bratislava  |c 2010 
300 |a 71 s. 
100 1 |a Peterková, Michaela 
700 1 |a Kita, Jaroslav 
700 1 |a Ageron, Blandine 
710 2 |a Ekonomická univerzita v Bratislave. Ústav medzinárodných programov